00515nam a2200181 a 4500001001300000003000900013005001700022008004100039020001000080082001500090100001900105245009200124260002900216300000800245500003500253650002600288700001900314nice12345678IN_TiNIC20260116014329.0070416s2002 newa grp 000 0 eng  ac45000a305.3bKAP aKapadia, Karin aViolence Developmentb The Politics of Idenity, Gender and Social Inequalities in India aNew Delhi bZuban c2002 a526 aincludes index and biblioraphy aGender Discrimination1 aKapadia, Karin